| 000 | 00898cam a2200253 a 4500 | ||
|---|---|---|---|
| 001 | 2618127 | ||
| 005 | 20161011142614.0 | ||
| 008 | 981209s2000 caua b 001 0 eng | ||
| 010 | _a 98052451 | ||
| 020 | _a0767404947 | ||
| 040 |
_aDLC _cDLC _dDLC |
||
| 050 | 0 | 0 |
_aPN2101 _b.C632 2000 |
| 082 | 0 | 0 |
_aDC 792 _22000 _bC66 |
| 100 |
_aCohen, Robert _d1938- _915942 |
||
| 245 | 1 | 0 |
_aTheatre: _bbrief version/ _cRobert Cohen. |
| 250 | _a5th edition | ||
| 260 |
_aMountain View, CA: _bMayfield Pub., _cc2000. |
||
| 300 |
_axv, 346 + various paging: _bcolor illustrations; _c23 cm. |
||
| 504 | _aIncludes appendix, glossary and index. | ||
| 650 | 0 | _aTheater. | |
| 906 |
_a7 _bcbc _corignew _d1 _eocip _f19 _gy-gencatlg |
||
| 942 |
_2ddc _cDC |
||
| 999 |
_c5121 _d5121 |
||